000 00711nam a22002297a 4500
005 20170124110013.0
010 _a723351
020 _c00.00
035 _a723351
037 _bCen Lib/Ret
040 _aDPL
_bEN
082 _a352.05452
_bCHA
100 _aChaudhuri, K.
_918138
245 _aCalcutta :
_cby K. Chaudhuri
_bstory of its goverment /
260 _aNew Delhi
_bOrient Longman
_c1973
270 _bNew Delhi
_e110001
_a3/5, Asaf Ali Road
300 _a378p.
_c21cm(Hb)
500 _aIncludes bibliographical references and index
650 _aCorporation administration
_918139
650 _aHistorical setting
_xCalcutta
_918140
942 _2ddc
_cEN
_h352.05452
_mCHA
999 _c126671
_d126671